Technické dodacie podmienky pre oceľové odliatky na tlakové účely. Časť 4: Austenitické a austeniticko-feritické druhy ocelí. STN 42 1262. EN 10213-4 : Máj 2000

Salvato in:
Dettagli Bibliografici
Natura: Libro
Lingua:slovacco
Pubblicazione: Bratislava : Slovenský ústav technickej normalizácie, 2000
Soggetti:
Tags: Aggiungi Tag
Nessun Tag, puoi essere il primo ad aggiungerne!!

MARC

LEADER 00000nam a22000003a 4500
001 stu61014
005 20150408161919.7
008 010808s2000----xo------------------slo-d
040 |a STU  |b slo 
041 0 |a slo 
044 |a xo 
080 |a 669.141.25 
245 |a Technické dodacie podmienky pre oceľové odliatky na tlakové účely. Časť 4: Austenitické a austeniticko-feritické druhy ocelí. STN 42 1262. EN 10213-4 :  |b Máj 2000 
260 |a Bratislava :  |b Slovenský ústav technickej normalizácie,  |c 2000 
300 |a 12 s 
650 7 |a Odliatky oceľové  |2 stusub 
996 |b 284M032975  |c M*N-397-1  |l MMKN  |s A  |a 24  |w stu61014_0001